000 00529nam a2200181Ia 4500
001 13042
005 20260306163024.0
008 260306t2005||||xx |||||||||||||| ||spa||
041 _aESP
082 _aRD 658.3003
_bA43
100 _aAlles, Martha Alicia
_eAUT
245 0 _aDiccionario de comportamientos:
_bgestión por competencias. Cómo descubrir las competencias a través de los comportamientos
260 _c2005
300 _a424 páginas :
_c23 cm.
650 _aGEN
654 _aCAN
942 _cDIC
_dJUS
_fJUS
_2ddc
_n
999 _c13042
_d13042